| 000 | 00000nam 2200000zi 4500 |
| 001 | 9.949394 |
| 003 | CaOODSP |
| 005 | 20251031142449 |
| 006 | m o d f |
| 007 | cr cn||||||||| |
| 008 | 250321t20252025abcabdo ob f000 0 eng d |
| 020 | |a9780660765792 |
| 040 | |aCaOODSP|beng|erda|cCaOODSP |
| 043 | |an-cn-ab |
| 086 | 1 |aM183-2/9241E-PDF |
| 100 | 1 |aRojas-Parra, J., |eauthor. |
| 245 | 10|aEnhanced seismicity monitoring in central Alberta, Canada : |b2020-2022 / |cJ. Rojas-Parra, K.P. Marion, R.O. Salvage, and D.W. Eaton. |
| 264 | 1|aCalgary, Alberta : |bGeological Survey of Canada, |c2025. |
| 264 | 4|c©2025 |
| 300 | |a1 online resource (29 pages) : |billustrations, maps, graphs, photographs. |
| 336 | |atext|btxt|2rdacontent |
| 337 | |acomputer|bc|2rdamedia |
| 338 | |aonline resource|bcr|2rdacarrier |
| 490 | 1 |aOpen file, |x2816-7155 ; |v9241 |
| 504 | |aIncludes bibliographical references (pages 21-24). |
| 520 | |a"This study set out to directly test the potential for induced microseismicity brought about through the operation of a closed-loop Advanced Geothermal Systems (AGS) prototype installed by Eavor Technologies Inc. (Eavor) in Clearwater County, Alberta. This AGS system was originally proposed, permitted, and installed by Eavor in late 2019. The University of Calgary, working in partnership with Eavor, installed four passive broadband seismometers within 10 km of the closed-loop geothermal system from November 2020 to November 2022. This publication is intended to facilitate the public dissemination of results from this study, including a documentation of methodologies and interpretations, which may foster continued research into closed-loop geothermal development in Canada"--Executive summary, page 1. |
| 650 | 0|aInduced seismicity|zAlberta. |
| 650 | 0|aGeothermal engineering|zAlberta. |
| 650 | 6|aTremblements de terre provoqués|zAlberta. |
| 650 | 6|aTechniques géothermiques|zAlberta. |
| 710 | 2 |aGeological Survey of Canada, |eissuing body. |
| 830 | #0|aOpen file (Geological Survey of Canada)|x2816-7155 ; |v9241.|w(CaOODSP)9.506878 |
| 856 | 40|qPDF|s12.2 MB|uhttps://publications.gc.ca/collections/collection_2025/rncan-nrcan/m183-2/M183-2-9241-eng.pdf |
| 856 | 4 |qHTML|sN/A|uhttps://doi.org/10.4095/pps3fqydpq |